History Quiz

Random History or Africa Quiz
Score 0/55 Timer 10:00
0 Plays Today
Head of state Country % Correct
Uhuru KenyattaKenya
81%
Cyril RamaphosaSouth Africa
79.9%
Emmerson MnangagwaZimbabwe
75.4%
King Mswati IIISwaziland
74.6%
Muhammadu BuhariNigeria
72.2%
Paul KagameRwanda
71.8%
Abdel Fattah el-SisiEgypt
69.4%
King Mohammed VIMorocco
68.3%
Paul BiyaCameroon
66.9%
George WeahLiberia
66.9%
Yoweri MuseveniUganda
66.2%
King Letsie IIILesotho
63.7%
João LourençoAngola
58.5%
Félix TshisekediDemocratic Republic of the Congo
58.5%
Andry RajoelinaMadagascar
58.1%
Macky SallSenegal
55.6%
Abdel Fattah Abdelrahman BurhanSudan
55.3%
Idriss DébyChad
54.6%
John MagufuliTanzania
52.8%
Abdelkader BensalahAlgeria
51.8%
Pierre NkurunzizaBurundi
50.7%
Ibrahim Boubacar KeïtaMali
47.9%
Edgar LunguZambia
47.9%
Alpha CondéGuinea
47.2%
Mokgweetsi MasisiBotswana
46.5%
Alassane OuattaraIvory Coast
46.1%
Isaias AfwerkiEritrea
45.4%
Filipe NyusiMozambique
45.4%
Head of state Country % Correct
Ali Bongo OndimbaGabon
45.1%
Adama BarrowGambia
44.4%
Salva Kiir MayarditSouth Sudan
44%
Jorge Carlos FonsecaCape Verde
43.7%
Peter MutharikaMalawi
41.5%
Fayez al-SarrajLibya
39.8%
Teodoro Obiang Nguema MbasogoEquatorial Guinea
39.1%
Nana Akufo-AddoGhana
39.1%
Denis Sassou NguessoRepublic of the Congo
38%
Patrice TalonBenin
37.7%
Mohamed Abdullahi MohamedSomalia
37.3%
Ismaïl Omar GuellehDjibouti
37%
Hage GeingobNamibia
37%
Roch Marc Christian KaboréBurkina Faso
36.3%
Sahle-Work ZewdeEthiopia
35.6%
Mahamadou IssoufouNiger
35.6%
José Mário VazGuinea-Bissau
35.2%
Mohamed Ould Abdel AzizMauritania
34.5%
Beji Caid EssebsiTunisia
34.2%
Faure GnassingbéTogo
33.5%
Barlen VyapooryMauritius
31%
Danny FaureSeychelles
30.6%
Evaristo CarvalhoSão Tomé and Príncipe
29.2%
Julius Maada BioSierra Leone
27.1%
Fuastin-Archange TouadéraCentral African Republic
24.6%
Azali AssoumaniComoros
23.6%
Ibrahim Mohamed SolihMaldives
14.4%
Remove Ads.
Support Sporcle.
Get the best of Sporcle when you Go Orange. This ad-free experience offers more features, more stats, and more fun while also helping to support Sporcle. Thank you for becoming a member.

You're not logged in!

Compare scores with friends on all Sporcle quizzes.
OR
Log In

Show Comments

Extras

Top Quizzes Today


Score Distribution

Your Account Isn't Verified!

In order to create a playlist on Sporcle, you need to verify the email address you used during registration. Go to your Sporcle Settings to finish the process.

Report this User

Report this user for behavior that violates our Community Guidelines.

Details: